|
|
|
|
| LEADER |
00000nas a22000001a 4500 |
| 001 |
037389 |
| 003 |
UAHC_CL |
| 005 |
20170803124124.0 |
| 008 |
091021c2008 cl fr p 000 spa d |
| 040 |
|
|
|a UAHC_CL
|c UAHC_CL
|d UAHC_CL
|
| 100 |
1 |
|
|a Romero Bachiller, Carmen
|
| 245 |
1 |
0 |
|a Documentos y otras extensiones protÈsicas, o como apuntalar la ìidentidadî /
|c Carmen Romero Bachiller.
|
| 260 |
|
|
|b Servicio de Publicaciones de la Universidad Complutense
|c 2008
|a Madrid
|
| 300 |
|
|
|a p. 139-157
|
| 362 |
0 |
|
|a Vol. 1, no. 1 (1998)-
|
| 500 |
|
|
|a En: Politica y Sociedad. Vol. 45, no. 3 (2008). pp. 139-157. ISSN: 1130-8001.
|
| 520 |
|
|
|a Este artículo se acerca a la consideración de qué cuenta como “humano” desde una perspectiva posthumanista. Para ello descarta la condición fundadora o pre-dada de “lo humano” para indagar en qué requerimientos y qué articulaciones de elementos –humanos y no-humanos– habilitan “lo humano” en cuanto tal. Destaca así cómo el “cuerpo” se ha venido constituyendo en vehiculador privilegiado de “lo humano”. Analiza las relaciones entre “cuerpo-humano”, “cuerpo-sujeto”, “cuerpo-ciudadano”, destacando la compleja configuración de dichas posiciones, para indagar en las formas concretas en que un elemento “no-humano” como un DNI configura “lo humano”. Así... (Leer más) destaca cómo un DNI se convierte en un “móvil-inmutable” (Latour y Hermant, 1999) que permite garantizar la continuidad de un “sujeto-cuerpo- ciudadano” sobre la estabilización de ciertos parámetros que se convierten en detentadores de la “verdad” del “sujeto-cuerpo” que identifican. Para ello analiza los elementos incluidos en un DNI y finalmente acude a intervenciones socio-políticas y artísticas que han usado los documentos de identidad para cuestionar, cortocircuitar, y/o desmontar las continuidades invisibilizadas y dadas por supuestas que articulan la relación entre un “cuerpo-sujeto-ciudadano” concreto y su documentación. Esa relación por la cual el DNI se convierte en el “sujeto” y el “sujeto” es su DNI.
|
| 520 |
|
|
|a Este artÌculo se acerca a la consideraciÛn de quÈ cuenta como ìhumanoî desde una perspectiva posthumanista. Para ello descarta la condiciÛn fundadora o pre-dada de ìlo humanoî para indagar en quÈ requerimientos y quÈ articulaciones de elementos ñhumanos y no-humanosñ habilitan ìlo humanoî en cuanto tal. Destaca asÌ cÛmo el ìcuerpoî se ha venido constituyendo en vehiculador privilegiado de ìlo humanoî. Analiza las relaciones entre ìcuerpo-humanoî, ìcuerpo-sujetoî, ìcuerpo-ciudadanoî, destacando la compleja configuraciÛn de dichas posiciones, para indagar en las formas concretas en que un elemento ìno-humanoî como un DNI configura ìlo humanoî. AsÌ... (Leer m·s) destaca cÛmo un DNI se convierte en un ìmÛvil-inmutableî (Latour y Hermant, 1999) que permite garantizar la continuidad de un ìsujeto-cuerpo- ciudadanoî sobre la estabilizaciÛn de ciertos par·metros que se convierten en detentadores de la ìverdadî del ìsujeto-cuerpoî que identifican. Para ello analiza los elementos incluidos en un DNI y finalmente acude a intervenciones socio-polÌticas y artÌsticas que han usado los documentos de identidad para cuestionar, cortocircuitar, y/o desmontar las continuidades invisibilizadas y dadas por supuestas que articulan la relaciÛn entre un ìcuerpo-sujeto-ciudadanoî concreto y su documentaciÛn. Esa relaciÛn por la cual el DNI se convierte en el ìsujetoî y el ìsujetoî es su DNI.
|
| 759 |
|
|
|a PP105
|
| 773 |
0 |
|
|t Politica y sociedad
|x 11308001
|d Madrid
|g Vol. 45, no. 1 (2008). pp. 41-60.
|
| 773 |
0 |
|
|t Política y sociedad
|w 037357
|
| 900 |
|
|
|a POLITICA SOC.-03/08
|
| 942 |
|
|
|c REV
|
| 952 |
|
|
|0 0
|1 0
|4 0
|6 POLITICA_SOC_03_08_000000000000000
|7 0
|8 General
|9 71296
|a BC
|b BC
|c General
|d 2017-08-03
|l 0
|o POLITICA SOC.-03/08
|p FICTICIO5434
|r 2019-01-08 00:00:00
|t 1
|w 2017-08-03
|y REV
|
| 999 |
|
|
|c 37389
|d 37389
|